[Event "IND-chT (Women) 15th"]
[Site "Bhopal"]
[Date "2017.02.03"]
[Round "2.1"]
[White "Jayashree P, Sankpal"]
[Black "Sharma, Sharmishtha"]
[Result "1-0"]
[WhiteElo "1619"]
[BlackElo "1368"]
[PlyCount "99"]
[EventDate "2017.02.02"]
[EventType "team-swiss"]
[EventRounds "7"]
[EventCountry "IND"]
[SourceTitle "CBM 176 Extra"]
[Source "ChessBase"]
[SourceDate "2017.03.02"]
[SourceVersion "1"]
[SourceVersionDate "2017.03.02"]
[SourceQuality "1"]
[WhiteTeam "LIC of India (W)"]
[BlackTeam "Madhya Pradesh (W)"]
[WhiteTeamCountry "IND"]
[BlackTeamCountry "IND"]

1. e4 e6 2. d4 d5 3. Nc3 Bb4 4. e5 c5 5. a3 Bxc3+ 6. bxc3 Ne7 7. Nf3 Qc7 8. Be2 Nbc6 9. 0-0 Bd7 10. Ng5 h6 11. Nf3 0-0 12. a4 f6 13. exf6 Rxf6 14. g3 cxd4 15. cxd4 e5 16. dxe5 Nxe5 17. Bb2 Nxf3+ 18. Bxf3 Rf5 19. Re1 Bc6 20. Bg4 Rff8 21. Be6+ Kh7 22. Qg4 g6 23. Bd4 b6 24. h4 Nf5 25. h5 Nxd4 26. hxg6+ Kg7 27. Qxd4+ Kxg6 28. Qg4+ Kh7 29. Bf5+ Kh8 30. Re6 Qg7 31. Rae1 Qxg4 32. Bxg4 Bxa4 33. Rxh6+ Kg7 34. Rd6 Rae8 35. Ra1 Bxc2 36. Rxa7+ Rf7 37. Rxf7+ Kxf7 38. Bh5+ Kf8 39. Bxe8 Kxe8 40. Rxd5 Ba4 41. Rd4 b5 42. f4 Ke7 43. Kf2 Ke6 44. Ke3 Bb3 45. g4 Kf6 46. g5+ Kf5 47. Re4 Bc4 48. Re5+ Kg6 49. Kd4 Kh5 50. Kc3 1-0